MDQL
is popping MORE tags! Check the
thread
!
Quizzes
Events
Quiz Creation
Community
Videos
Private Events
Remove Ads
Sign In
Join for FREE
Feedback
Dark Mode
Quiz Categories
Sports
Geography
Music
Movies
Television
Just For Fun
Miscellaneous
History
Literature
Language
Science
Gaming
Entertainment
Religion
Holiday
For Kids
Quiz Lab
Recent
Popular Today
Quiz Kudos Today
Editor Picks
Curator Picks
Quizzes by...
Day
Popularity
Type
Ratings
Length
Year
Community
Subscriptions
Recent Discussions
Orange Saloon
Badges
Playlists
Quests
Create
Leaderboards
Showdown
Live 5
Trivia Bingo
Activity
Puzzle Library
Sporcle Events
Private Events
Virtual Trivia
Globe League
Become a Host
Pub Owners
SporcleCon
Opinionation
Our Games
Videos
Blog
Mobile Apps
Partnerships
Remove Ads and Go Orange
Feedback
Entertainment
Celebrity
Famous
Musical
Broadway
Show
Quote
Comic Books
Anime
Superhero
DC Comics
Marvel
Cartoons
Animation
Entertainment
Celebrity
Famous
Musical
Broadway
Show
Quote
Comic Books
Anime
Superhero
DC Comics
Marvel
Cartoons
Animation
Random Quiz
Search Sporcle
×
Quiz Lab
Quiz Lab
Entertainment
Famous
Type in answers that appear in a list
Type in answers that appear in a list
Classic
Best Score? Go Orange.
Famous Johns Stats
Can you name the Famous Johns (or variations thereof)?
By
Chandos212
10m
37 Questions
435 Plays
435 Plays
435 Plays
Comments
Comments
Give Quiz Kudos
Give Quiz Kudos
-
- Ratings
hide this ad
Random Order
Randomize order of answers
Randomize order of answers
Replay
Link that replays current quiz
Next Quiz
Link to next quiz in quiz playlist
You Got
0%
They Got
Avg Score
57%
Avg Friend Score
Upgrade to see
Score Distribution
Jump to the score distribution portion of the page
Score
0/37
Timer
10:00
0
Plays Today
Johns
% Correct
Assassinated Beatle
John Lennon
91%
Pirates of the Carribean star
Johnny Depp
88.7%
Pope from 1978 to 2005
Pope John Paul II
86.7%
Assassinated President
John Kennedy
85.1%
Name of two US Presidents
John Adams
84.6%
Saturday Night Fever star
John Travolta
82.8%
Republican Presidential Candidate 2008
John McCain
81.4%
Big signer of the Declaration of Independence
John Hancock
79.3%
Often enraged former Tennis champion
John McEnroe
72.4%
Democratic Presidential Candidate 2004
John Kerry
72.2%
Animal House star
John Belushi
71.5%
Purveyor of farm and construction equipment
John Deere
69.7%
Father of Angelina Jolie
John Voight
68.7%
Sings 'Your Body Is A Wonderland'
John Mayer
68.5%
Great Outdoors, Uncle Buck star
John Candy
67.6%
The Man in Black
Johnny Cash
66.9%
Of Mice and Men author (book)
John Steinbeck
66.2%
Rosseane's husband on the TV show 'Rosseane'
John Goodman
63.4%
English philosopher/
Character on Lost
John Locke
60.5%
Johns
% Correct
Presidential Assassin
John Wilkes Booth
60%
Star Wars, Indiana Jones, Jaws score composer
John Williams
57.9%
Toiletries makers
Johnson & Johnson
56.3%
Three's Company star
John Ritter
55.2%
Courtroom drama novelist
John Grisham
54.5%
The Searchers; El Dorado; True Grit star
John Wayne
52.4%
TLC show
Jon and Kate plus 8
47.1%
Depression era bank robber
John Dillinger
46%
Head of the Gambino crime family
John Gotti
45.1%
Early 20th Century industrialist and philanthropist
John D. Rockefeller
32.4%
American director known for his use of Monument Valley
John Ford
31.7%
Harry and the Henderson's star
John Lithgow
29.9%
Of Mice and Men star (movie)
John Malkovich
23.2%
Night Court star
John Larroquette
21.8%
Founding Father, President of Continental Congress, First Chief Justice
John Jay
21.8%
Reagan's almost assassin
John Hinckley
21.8%
French theologian, promoted the idea of 'predestination'
John Calvin
21.4%
English poet of the Romantic movement
John Keats
19.1%
Quiz Playlist
Details
Report
Send in Message
Add To Playlist
Classic:
Type in answers that appear in a list
Random Order:
Randomize order of answers
Last Updated: Feb 16, 2017
Quiz Scoreboard
CHALLENGE
Sign Up to Join the Scoreboard
Show All
Scores
Hide
Comments
May contain spoilers
Recently Published
Street Fighter Characters
by Artimus82
Gaming
60s
9x9 Crossword: Cartoon Network
by jackfrog10
Miscellaneous
3m
College Basketball Coaching Resumes
by pancakes188
Sports
9m
More to Explore
Quiz From the Vault
Featured Blog Post
Where Did the Easter Bunny Come From?
hide this ad
You Might Also Like...
Tags
Famous Quiz
john
Variation
Today's Top Quizzes in Entertainment
Browse Entertainment
hide this ad
Today's Top Quizzes in Famous
Browse Famous
Top Contributed Quizzes in Entertainment
1
7-to-1: DC Comics Villains
2
Marvel Characters Bunker
3
Eurovision 2023 Logic Puzzle
4
Dragon Ball Z: Goku's Fights in Order
5
Sorting Pictures: Villains
6
Criteria Quickie: Cartoon Taxonomy II
7
7-to-1: One Piece
8
Mini Trivia Sudoku: Musicals
9
Fictional Villains Letter U Blitz
10
Kamen Rider Motifs
Explore More
Trending Topics
Harry Potter
Marvel
Disney
Crossword
Anime
NBA
Kpop
NFL
Puzzle
WWE
The Office
Soccer
Pokémon
Country
Song
hide this ad
More By:
Chandos212
Quiz
Plays
Rating
Category
Featured
Created
Famous Pairings: Drawn together
500
3.29
Miscellaneous
Sep 28, 2009
Famous Johns
435
4.60
Entertainment
Oct 21, 2009
Go to Creator's Profile
Score Distribution
Quiz Creator Spotlight
Chandos212
Follow
Send a Message
Quizzes Created
-
Created Quiz Play Count
-
More By This Creator
Popular Quizzes Today
1
Find the US States - No Outlines Minefield
2
Find the Countries of Europe - No Outlines Minefield
3
The Countries of the World
4
Find the US States
5
Risky Map Clicking: Biggest States A-Z
6
US States
7
Popular People in 1961
8
Movies - When Are They Set?
More Entertainment Quizzes
🎷Anime Matching by Saxophone Music Cover
Curator's Pick
Trending Quizzes
Risky Map Clicking: Least Populous States A-Z
Countries of the World: 200 Million BC
1-10 Letter G Words
Risky Map Clicking: Next State Alphabetically
Adjectives in 80s TV Shows
Recently Updated
Leaping Animals
pecheneg
Reality TV Shows (A-Z)
bhenderson79
Rickey Henderson's Hall of Fame Teammates
pecheneg
Champions League XIs: Arsenal
pecheneg
Quick Pick: Celebrities in WWE's Hall of Fame
aduchscher
A-Z Keypad Blitz II
pecheneg
Multiple Oscar Actors
pecheneg
Mystery Phrase Blitz: Oscar 'Best Actors'
pecheneg
F. Scott Fitzgerald Novels
LTH
Pick 3 Villains
ddd62291
Trending Topics
Kpop
NBA
Crossword
Harry Potter
Disney
Marvel
Anime
Country
Soccer
Pokémon
WWE
NFL
Puzzle
The Office
Song
Your Account Isn't Verified!
In order to create a playlist on Sporcle, you need to verify the email address you used during registration. Go to your
Sporcle Settings
to finish the process.
Report this User
Report this user for behavior that violates our
Community Guidelines
.
Details:
Send Report
Go to the Sporcle.com Mobile Site →
Comments